FRACTIONAL HORSEPOWER ELEVCTRIC MOTORS WHAT KINDS ARE AVAILABLE WHAT MAKES THEN RUN AND WHAT THEY WILL DO HOW TO REPAIR REWIND AND RECONNECT THEM (Record no. 585289)

000 -LEADER
fixed length control field 00392nam a22001217a 4500
082 ## - DEWEY DECIMAL CLASSIFICATION NUMBER
Classification number 621.462 VEI'E
100 ## - MAIN ENTRY--PERSONAL NAME
Personal name VEINOTT, CYRIL G
9 (RLIN) 80336
245 ## - TITLE STATEMENT
Title FRACTIONAL HORSEPOWER ELEVCTRIC MOTORS WHAT KINDS ARE AVAILABLE WHAT MAKES THEN RUN AND WHAT THEY WILL DO HOW TO REPAIR REWIND AND RECONNECT THEM
250 ## - EDITION STATEMENT
Edition statement 2ND
260 ## - PUBLICATION, DISTRIBUTION, ETC.
Place of publication, distribution, etc. NEWYORK
Name of publisher, distributor, etc. MCGRAW HILL
Date of publication, distribution, etc. 1948
300 ## - PHYSICAL DESCRIPTION
Extent 554P
942 ## - ADDED ENTRY ELEMENTS (KOHA)
Koha item type Book
Holdings
Withdrawn status Lost status Damaged status Not for loan Permanent Location Current Location Shelving location Date acquired Total Checkouts Full call number Barcode Date last seen Price effective from Koha item type
        College of Electrical & Mechanical Engineering (CEME) College of Electrical & Mechanical Engineering (CEME) General Stacks 07/07/2017   621.462 VEI'E CEME-5213 06/28/2021 06/28/2021 Book
© 2023 Central Library, National University of Sciences and Technology. All Rights Reserved.